Redeeming calcutta : (Record no. 73068)

MARC details
000 -LEADER
fixed length control field 00772nam a22002297a 4500
005 - DATE AND TIME OF LATEST TRANSACTION
control field 20130924114712.0
010 ## - LCCN (DPL NO)
LC control number ENG-106596
020 ## - INTERNATIONAL STANDARD BOOK NUMBER
International Standard Book Number 0198082185
Terms of availability 3650.00
020 ## - INTERNATIONAL STANDARD BOOK NUMBER
International Standard Book Number 9780198082187
Terms of availability 3650.00
035 ## - SYSTEM CONTROL NUMBER
System control number EN-90129
035 ## - SYSTEM CONTROL NUMBER
System control number B-512628
037 ## - SOURCE OF ACQUISITION
Source of stock number/acquisition DBAD / PUB
037 ## - SOURCE OF ACQUISITION
Source of stock number/acquisition BSB/Ven
100 ## - MAIN ENTRY--PERSONAL NAME
Personal name Raymer, Steve
245 ## - TITLE STATEMENT
Title Redeeming calcutta :
Statement of responsibility, etc by Steve Raymer
Remainder of title a portrait of India's imperial capital /
260 ## - PUBLICATION, DISTRIBUTION, ETC. (IMPRINT)
Place of publication, distribution, etc New Delhi
Name of publisher, distributor, etc Oxford University Press
Date of publication, distribution, etc 2012
270 ## - ADDRESS
Address YMCA Library Building, Jai Singh Road
City New Delhi
Postal code 110001
300 ## - PHYSICAL DESCRIPTION
Extent 208p.
Dimensions 32cm (Hb)
Other physical details ill.
500 ## - GENERAL NOTE
General note Includes index
942 ## - ADDED ENTRY ELEMENTS (KOHA)
Source of classification or shelving scheme Dewey Decimal Classification
Item type English Books
Call number suffix RAY
Classification part 954.5200222
Holdings
Withdrawn status Lost status Not for loan Collection code Home library Current library Date acquired Source of acquisition Cost, normal purchase price Full call number Barcode Copy number Cost, replacement price Koha item type
    Not For Loan Reference Central Library Central Library 23/09/2013 BSB/882/09.03.13/169/08.03.13/23.03.13 3650.00 954.5200222 RAY B-512628 1 3650.00 English Books
      Non-fiction D.B.Act.Division D.B.Act.Division 16/01/2013 DBAD/PUB 3650.00 RAY EN-90129 1 3650.00 English Books

© Delhi Public Library
Hit Counter
free hit counter